000 00675nam a22001337a 4500
040 _cRUA
082 _aAGR KHO 2015 B513 Or.1
100 _aKHOEURN PEAPH, ឃឿន ភាព
245 _aComparison of different tomato varieties in sandy loam soil condition at royal university of agriculture, ការប្រៀបធៀបពូជប៉េងប៉ោះផ្សេងៗគ្នាក្រោមលក្ខខណ្ឌដីល្បាយខ្សាច់នៅសាកលវិទ្យាល័យភូមិន្ទកសិកម្ម
260 _aPhnom Penh
_bRUA
_c2015
300 _axii; 42p.
_bill.
_c29cm.
856 _uKHOEURN PEAPH
942 _cAGR
999 _c9062
_d9062